000 00413nam a2200157Ia 4500
003 GCL
008 140319s9999 xx 000 0 eng d
040 _aGCL /
_cGCL
082 0 4 _a615.1
_bK B
100 1 _aKATZUNG, BERTRAMG
245 1 0 _aBASIC & CLINICAL: PHARMACOLOGY /
_cKATZUNG, BERTRAMG
260 _a[S.N] :
_bLIBRAIRIE DU LIBAN ،
_c1992
300 _a1017 P
650 0 4 _aPHARMACOLOGY
942 _2ddc
_cBK
999 _c19849
_d19849